00586nam a2200193Ia 4500003000400000005001700004008004100021040000700062082002000069100003000089245002500119260003800144365001300182440000600195906002700201942001200228999001900240952013300259OSt20230608161916.0210423s2005 xx 000 0 und d cAL a616.89 SHAA223 aSHARMA (Rachana).9122911 aAbnormal psychology. aUSAbBlackwell Publicationsc2005 b695cINR v2 aAbnormal ; psychology. 2ddccBK c174101d174101 001040708MSWaSACPGbSACPGd2005-08-24eAlka Prakashang695.00l0o616.89 SHAApPG020767r2022-08-24 00:00:00w2021-04-26yBK